[Event "Aragon-chT Honor Gr-A"]
[Site "Aragon"]
[Date "2019.01.26"]
[Round "1.28"]
[White "Sacristan Latorre, Carlos"]
[Black "Escartin Lacasa, Jose"]
[Result "0-1"]
[WhiteElo "1697"]
[BlackElo "1976"]
[PlyCount "38"]
[EventDate "2019.01.26"]
[EventType "team-tourn"]
[EventRounds "7"]
[EventCountry "ESP"]
[SourceTitle "EXT 2020"]
[Source "ChessBase"]
[SourceDate "2019.10.17"]
[SourceVersion "1"]
[SourceVersionDate "2019.10.17"]
[SourceQuality "1"]
[WhiteTeam "Palacio de Pioneros II"]
[BlackTeam "Jaque"]
[WhiteTeamCountry "ESP"]
[BlackTeamCountry "ESP"]

1. e4 c5 2. Nf3 e6 3. d4 cxd4 4. Nxd4 Nf6 5. f3 Nc6 6. Nb3 d5 7. exd5 Nxd5 8. Bd2 Qb6 9. Nc3 Be7 10. Nxd5 exd5 11. Bc3 0-0 12. Qd2 a5 13. Be2 a4 14. Nd4 Bc5 15. Rd1 Re8 16. Nxc6 bxc6 17. Bd4 Ba6 18. Bxc5 Qxc5 19. Qd4 Rxe2+ 0-1

[Event "Aragon-chT Preferente Gr II"]
[Site "Aragon"]
[Date "2018.03.24"]
[Round "9.56"]
[White "Larrosa Poves, Jose Manuel"]
[Black "Sacristan Latorre, Carlos"]
[Result "0-1"]
[WhiteElo "1953"]
[BlackElo "1637"]
[PlyCount "84"]
[EventDate "2018.01.27"]
[EventType "team-tourn"]
[EventRounds "9"]
[EventCountry "ESP"]
[SourceTitle "EXT 2019"]
[Source "ChessBase"]
[SourceDate "2018.10.10"]
[SourceVersion "1"]
[SourceVersionDate "2018.10.10"]
[SourceQuality "1"]
[WhiteTeam "Agrupacion II"]
[BlackTeam "Palacio de Pioneros II"]
[WhiteTeamCountry "ESP"]
[BlackTeamCountry "ESP"]

1. d4 Nf6 2. Nf3 g6 3. c4 Bg7 4. Nc3 d6 5. Bg5 0-0 6. e3 Nbd7 7. Be2 c6 8. Qc2 Qc7 9. 0-0 e5 10. Rfd1 Re8 11. dxe5 dxe5 12. b4 Nb6 13. Rab1 Be6 14. Nd2 Nfd7 15. e4 h6 16. Be3 f5 17. f3 f4 18. Bf2 g5 19. c5 Nc8 20. Bc4 Kh7 21. Qb3 Nf8 22. Bxe6 Rxe6 23. Nc4 Bf6 24. a4 h5 25. b5 a6 26. bxc6 bxc6 27. Qb7 Ra7 28. Qxc7+ Rxc7 29. Nd6 Ne7 30. Ne8 Rc8 31. Nxf6+ Rxf6 32. Rb7 Re6 33. Rd6 Re8 34. Nd5 cxd5 35. exd5 Rg6 36. Rxg6 Kxg6 37. c6 Nxd5 38. Ra7 Rc8 39. Rxa6 Ne6 40. c7 Ndxc7 41. Rc6 Kf7 42. a5 Ke7 0-1

[Event "Aragon-ch"]
[Site "Zaragoza"]
[Date "2012.09.02"]
[Round "9"]
[White "Sanz Navarro, Alberto"]
[Black "Sacristan Latorre, Carlos"]
[Result "1-0"]
[WhiteElo "1743"]
[BlackElo "1509"]
[PlyCount "57"]
[EventDate "2012.08.25"]
[EventType "swiss"]
[EventRounds "9"]
[EventCountry "ESP"]
[SourceTitle "EXT 2024"]
[Source "ChessBase"]
[SourceDate "2023.10.10"]
[SourceVersion "1"]
[SourceVersionDate "2023.10.10"]
[SourceQuality "1"]

1. e4 c5 2. Nf3 d6 3. Bc4 e6 4. d4 cxd4 5. Nxd4 Nf6 6. Nc3 a6 7. 0-0 Nbd7 8. Bg5 Qc7 9. Bd3 Be7 10. Qd2 b5 11. a3 0-0 12. Rae1 Bb7 13. Nf3 Rfe8 14. Qf4 e5 15. Qd2 Nc5 16. h3 Nxd3 17. cxd3 Rac8 18. Rc1 Qd7 19. Rfe1 Rc7 20. d4 exd4 21. Nxd4 Rec8 22. Nf5 Bxe4 23. Nxe7+ Qxe7 24. f3 Qe5 25. Bxf6 Qxf6 26. Rxe4 h6 27. Rce1 Qg5 28. Qxg5 hxg5 29. Nd5 1-0